História de Portugal - A Afirmação do País (Registo nº 774)

Detalhes MARC
000 -Etiqueta do registo
Cabeçalho 00719nam0a22002651 4500
005 - Identificador da versão
Campo de controlo 20240822155754.0
010 ## - Número internacional normalizado dos livros (ISBN)
Número (ISBN) 9895541074
021 ## - Número do Depósito Legal
Código do país PT
Número 204209/03
035 ## - Other System Control Numbers
System Control Number 0000844
System Control Number 0000839
System Control Number 0000832
System Control Number 0000820
100 ## - Dados gerais de processamento
Dados gerais de processamento 20080123d2004 a e0pory5003 ba
101 0# - Língua de publicação
Língua do texto, banda sonora, etc. Português
Língua do documento no original Português
102 ## - Pais de publicação ou produção
País de publicação Portugal
105 ## - Campo de dados codificados: livros
Dados codificados dos livros a z 001yy
106 ## - Campo de dados codificados: material textual
Dados codificados do material textual r
200 1# - Titulo e menção de responsabilidade
Título próprio História de Portugal - A Afirmação do País
Informação de outro título A Afirmação do País - Da Conquista do Algarve à Regência de Leonor Teles
Primeira menção de responsabilidade Ângelo Ribeiro
205 ## - Menção da edição
Menção da edição 1ª ed.
210 ## - Publicação, Distribuição, etc. 
Lugar da edição, distribuição, etc. Matosinhos
Nome do editor, distribuidor, etc. QuidNovi
Data da publicação, distribuição, etc. 2004
215 ## - Descrição física 
Indicação específica da natureza do documento e extensão da espécie 143 p.
Outras indicações físicas ilustrado
Dimensões cm
225 2# - Colecção 
Título próprio da colecção História de Portugal
Indicação de volume II
942 ## - Elementos de entrada adicionados (Koha)
Tipo de item no Koha Livro
Exemplares
Situação do levantamento Origin of item (home branch) (coded) Biblioteca de empréstimo Código de barras Cota Circulation type (not for loan) Tipo de documento Nota do exemplar Damaged status
  Biblioteca Escolar Eng. Nuno Mergulhão Biblioteca Escolar Eng. Nuno Mergulhão BENM1284 9PT SAR   Livro Sem mensagem